000 00568nam a2200229Ia 4500
005 20250425162034.0
008 250425s9999 xx 000 0 und d
020 _a0881733032
041 _aeng
082 _a621.1
100 _aMCCAULEY, JAMES F.
245 0 _aSTEAM DISTRIBUTION SYSTEMS DESKBOOK
250 _aS.E.
260 _aEstados Unidos
_bTHE FAIRMONT PRESS
_c2000
260 _aLILBURN
300 _a411
650 _aINGENIERIA DEL VAPOR
650 _aSISTEMAS DE DISTRIBUCION
650 _aTABLAS DE VAPOR
942 _c01
010 _a41888
999 _c221122
_d221122